| 000 | 00902cam a22003017a 4500 | ||
|---|---|---|---|
| 003 | CHAP | ||
| 005 | 20220329141534.0 | ||
| 008 | 971013s1965 r 00010 d | ||
| 010 | _a69826 | ||
| 011 | _a70798 | ||
| 035 | _a80351 | ||
| 040 | _cCHAP | ||
| 082 |
_a635.933456 _bK5 |
||
| 100 | 0 | 0 |
_aKnock, Florence. _963541 |
| 245 | 0 | _aPassifloras for your garden | |
| 260 |
_aKansas City, Missouri : _bDiversity Books, _c1965 |
||
| 300 | _a100 p. | ||
| 590 |
_aBATCH-UPD _b10 _c20130110 _lUCH01 _h0420 |
||
| 590 |
_aBATCH-UPD _b10 _c20130110 _lUCH01 _h2128 |
||
| 590 |
_aBATCH-UPD _b10 _c20130410 _lUCH01 _h0055 |
||
| 590 |
_aBATCH-UPD _b10 _c20130914 _lUCH01 _h1702 |
||
| 590 |
_aCONVERSION _b10 _c20130109 _lUCH01 _h1338 |
||
| 650 | 1 | 4 |
_aJardinerÃa. _961143 |
| 650 | 1 | 4 |
_aPassiflora. _985882 |
| 901 | _aBK | ||
| 942 | _cLIBRO | ||
| 949 |
_a635.933456 K5 _bBC _cLIBRO _d33724000663373 _eLIBRO _h70928 _i80351 _si |
||
| 999 |
_c69826 _d69826 |
||